|
|
|
|
| LEADER |
00758ncm a22002172a 4500 |
| 001 |
001247240 |
| 003 |
CZ BrMZK |
| 005 |
20120910080630.0 |
| 007 |
qu |
| 008 |
120910s1880 xr |||||||||||||||||zxx d |
| 040 |
|
|
|a BOA001
|b cze
|
| 072 |
|
7 |
|a 786
|x Hudba pro klávesové nástroje
|2 Konspekt
|9 9
|
| 100 |
1 |
|
|a Kaska, Richard,
|d 1859-1917
|7 jk01053119
|4 cmp
|
| 245 |
1 |
0 |
|a Kaskův salon.
|n 10,
|p Mužně v před!
|h [hudebnina] :
|b pochod : sbírka tanečních skladeb pro klavír /
|c Richard Kaska
|
| 246 |
3 |
0 |
|a Mužně v před!
|
| 260 |
|
|
|a Praha :
|b Fr. A. Urbánek,
|c [1880?]
|
| 300 |
|
|
|a 3 s.
|
| 910 |
|
|
|a BOA001
|b Mus4-0544.449,10
|
| 990 |
|
|
|a MU
|
| 991 |
|
|
|b 201209
|
| 996 |
6 |
|
|b 2619099556
|c Mus4-0544.449,10
|l MZK
|r Sklad / do 1 hodiny
|n 0
|w 001281243
|u 000010
|a 1
|e BOA001
|j MZK50
|s P
|